| 000 | 01012nam a22002537a 4500 | ||
|---|---|---|---|
| 005 | 20240305165448.0 | ||
| 007 | cr|||| |||| | ||
| 008 | 170518c20129999co |||| s|||| 0|||a1spa d | ||
| 022 | _a1692-8563 | ||
| 035 | _a14582 | ||
| 040 | _avLex | ||
| 090 |
_c6652 _d6652 |
||
| 245 | 0 | 0 |
_aDimensión Empresarial _h[Recurso electrónico] |
| 256 | _aServicio en línea | ||
| 260 |
_aBarranquilla : _bUniversidad Autonoma del Caribe, _c2012 - |
||
| 300 | _a1 recurso electrónico | ||
| 310 | _aSemestral | ||
| 506 | 0 |
_aContenido disponible en los productos indicados _dvLex Global _dvLex Global (Academic Edition, excluding Law Schools) _dvLex Global (U.S. Academic Edition, Law Schools) _dvLex Global (U.S. Academic Edition, excluding Law Schools) _dvLex Global (Academic Edition, Law Schools) |
|
| 650 | 0 | 4 |
_aEmpresas _zColombia |
| 650 | 0 | 4 |
_aDerecho mercantil _zColombia |
| 740 | 0 | _avLex Revistas (Servicio en línea) | |
| 856 | 4 | 0 | _uhttps://app.vlex.com/#/sources/dimension-empresarial-14582 |
| 942 | _cRAA | ||
| 999 |
_c164900 _d164900 |
||